Missing Word: Undercover Cop Movies Quiz Stats

 Plays Quiz Updated Oct 14, 2015

Challenge
Share
Tweet
Embed
Score 0/18 Timer 03:00
0 Plays Today
Movie Missing Word % Correct
The ____ and the FuriousFast
98%
Starsky & _____Hutch
97.6%
21 ____ StreetJump
97.1%
Reservoir ____Dogs
95.7%
Miami ____Vice
95.5%
To Live and ___ in L.A.Die
94.9%
______ BrascoDonnie
85.5%
____/OffFace
85%
Miss ____________Congeniality
80.7%
Movie Missing Word % Correct
________ HustleAmerican
80%
_____ BoiledHard
79.3%
Point _____Break
69.9%
____________ CopKindergarten
63.1%
Deep _____Cover
36.1%
A ______ DarklyScanner
33%
_______ PromisesEastern
29.4%
White ____Heat
28.4%
Brick ________Mansions
9.6%

Today's Daily Dose

You're not logged in!

Compare scores with friends on all Sporcle quizzes.
Join for Free
OR
Log In

You Might Also Like...

Show Comments

Extras

Top Quizzes Today


Score Distribution

Your Account Isn't Verified!

In order to create a playlist on Sporcle, you need to verify the email address you used during registration. Go to your Sporcle Settings to finish the process.

Report this User

Report this user for behavior that violates our Community Guidelines.

Details: